Duchovné hodnoty vidieckej krajiny v Českej republike a na Slovensku
Typológia kultúrnych a historických hodnôt krajiny, ktoré sa v krajinnom priestore prejavujú miestami a objektmi ako duchovné hodnoty spoločnosti. Nehmotné hodnoty krajiny s historickými prvkami.
Saved in:
| Main Author: | |
|---|---|
| Format: | Book Chapter |
| Language: | Slovak |
| Subjects: | |
| Tags: |
No Tags, Be the first to tag this record!
|
MARC
| LEADER | 00000naa a2200000 4500 | ||
|---|---|---|---|
| 001 | 0165663 | ||
| 005 | 20231208080833.7 | ||
| 041 | 0 | |a slo | |
| 044 | |a SK | ||
| 245 | 1 | 0 | |a Duchovné hodnoty vidieckej krajiny v Českej republike a na Slovensku |c Barbora Matáková |
| 520 | |a Typológia kultúrnych a historických hodnôt krajiny, ktoré sa v krajinnom priestore prejavujú miestami a objektmi ako duchovné hodnoty spoločnosti. Nehmotné hodnoty krajiny s historickými prvkami. | ||
| 610 | 2 | 0 | |a Česko |
| 610 | 2 | 0 | |a Slovensko |
| 610 | 2 | 0 | |a prostredie krajinné |
| 610 | 2 | 0 | |a vidiek |
| 610 | 2 | 0 | |a dediny |
| 610 | 2 | 0 | |a kultúra |
| 610 | 2 | 0 | |a civilizácia |
| 610 | 2 | 0 | |a história |
| 610 | 2 | 0 | |a hodnota |
| 100 | 1 | |a Matáková, Barbora | |